Top 25 best soccer players 2018 - Statistics

General Stats
  • This quiz has been taken 1,562 times
  • The average score is 17 of 25
Answer Stats
Real Madrid Answer % Correct
Barca Messi
100%
Real Madrid Ronaldo
100%
PSG Neymar
98%
Liverpool Salah
96%
Barca Suarez
88%
Tottenham Kane
87%
Man city De bruyne
86%
Bayern Lewandowski
85%
Real Madrid Modric
85%
Man city Aguero
79%
PSG Mbappe
79%
Real madrid Ramos
73%
Real Madrid Kroos
71%
Juventus Dybala
67%
Chelsea Hazard
65%
Juventus Buffon
59%
PSG Cavani
59%
Man U De gea
56%
Real Madrid Marcelo
51%
Chelsea Kante
49%
Juventus Chiellini
47%
Napoli Mertens
47%
Juventus Higuain
44%
Barca Coutinho
30%
Bayern Thiago
23%
No matching quizzes found
Score Distribution
Percent of People with Each Score
Percentile by Number Answered
Your Score History
You have not taken this quiz